Storia della letteratura italiana. tomo 2 [de sanctis] /
Guardado en:
| Autor Principal: | |
|---|---|
| Formato: | Libro |
| Publicado: |
Milano :
Feltrinelli,
1956
|
| Materias: | |
| Etiquetas: |
Agregar Etiqueta
Sin Etiquetas, Sea el primero en etiquetar este registro!
|
| LEADER | 00485nam a22001455a 4500 | ||
|---|---|---|---|
| 001 | EHU.bham006521 | ||
| 003 | AR-BHAM | ||
| 005 | 20090622151939.0 | ||
| 008 | 130507s1956##################000#0#####d | ||
| 082 | 8 | 5 | |a 850.9 |
| 100 | 1 | |a De Sanctis, Francesco | |
| 245 | 1 | 0 | |a Storia della letteratura italiana. tomo 2 [de sanctis] / |c Francesco De Sanctis. |
| 260 | |a Milano : |b Feltrinelli, |c 1956 | ||
| 653 | |a Literatura italiana-1901- | ||
| 859 | |a AR-BHAM |b BIB. HUMANIDADES - General |h 850.9 |i D451 |p 751.58 |t Ej.1 |v II |3 II | ||
